Automobilový Ethernet

Salvato in:
Dettagli Bibliografici
Autore principale: Popelka, Kristián (Autore)
Altri autori: Drahoš, Peter (Relatore della tesi)
Natura: Manoscritto Libro
Lingua:slovacco
Pubblicazione: Bratislava : STU v Bratislave FEI, 2022
Soggetti:
Accesso online:https://opac.crzp.sk/?fn=detailBiblioFormChildOS0J8&sid=85CE14C1EED0152B7839D69735B2&seo=CRZP-detail-kniha
Tags: Aggiungi Tag
Nessun Tag, puoi essere il primo ad aggiungerne!!

MARC

LEADER 00000ntm a22000003a 4500
001 stuzp87086
003 SK-STU
005 20230301133343.6
007 ta
008 150427s2015----xo-----f-mn---000-0-slo-d
040 |a STU  |b slo 
041 0 |a slo 
044 |a xo 
100 1 |a Popelka, Kristián  |u 030400  |4 aut  |U FEI Fakulta elektrotechniky a informatiky  |T FEI Ústav automobilovej mechatroniky  |X 98000  |U E400  |Y 642  |7 98000 
242 0 1 |a Automotive Ethernet  |y eng 
245 1 0 |a Automobilový Ethernet 
260 |a Bratislava :  |b STU v Bratislave FEI,  |c 2022 
300 |a 53 s. 
650 4 |a automobilový Ethernet  |2 slo 
650 4 |a zbernice  |2 slo 
650 4 |a riadiace systémy  |2 slo 
650 4 |a protokoly  |2 slo 
650 4 |a komunikačné štandardy  |2 slo 
650 4 |a automotive Ethernet  |2 eng 
650 4 |a protocols  |2 eng 
650 4 |a communication standards  |2 eng 
650 4 |a control systems  |2 eng 
650 4 |a buses  |2 eng 
700 1 |a Drahoš, Peter  |u 030400  |k Z1  |4 ths  |U FEI Fakulta elektrotechniky a informatiky  |T FEI Ústav automobilovej mechatroniky  |X 3709  |U E400  |Y 642  |7 A000003709 
856 4 |u https://opac.crzp.sk/?fn=detailBiblioFormChildOS0J8&sid=85CE14C1EED0152B7839D69735B2&seo=CRZP-detail-kniha